000
00287nam a2200121 a 4500
005
20140414132100.0
008
100921s19uu xx 00 eng d
050
_a
FIC
_b
H53 2002
100
_a
Hiaasen, Carl
245
_a
Hoot.
260
_a
London :
_b
Macmillan,
_c
2002.
999
_c
114435
_d
114435